[Event "Loire-ch Top20 1314"]
[Site "Loire"]
[Date "2014.03.29"]
[Round "7"]
[White "Pareux, Marc"]
[Black "Walter, Alain"]
[Result "1/2-1/2"]
[WhiteElo "1630"]
[BlackElo "1690"]
[PlyCount "63"]
[EventDate "2014.09.21"]
[EventType "swiss"]
[EventRounds "9"]
[EventCountry "FRA"]
[SourceTitle "EXT 2015"]
[Source "ChessBase"]
[SourceDate "2014.11.20"]
[SourceVersion "1"]
[SourceVersionDate "2014.11.20"]
[SourceQuality "1"]

1. d4 Nf6 2. g3 d5 3. Bg2 c6 4. Nf3 e6 5. Nc3 Bd6 6. 0-0 h6 7. Qd3 0-0 8. e4 dxe4 9. Nxe4 Nxe4 10. Qxe4 Nd7 11. c4 Nf6 12. Qc2 Bd7 13. Ne5 Qc7 14. f4 Rad8 15. Qe2 Rfe8 16. Be3 Nh7 17. c5 Bf8 18. g4 f6 19. Ng6 e5 20. fxe5 fxe5 21. Nxf8 Nxf8 22. d5 cxd5 23. Bxd5+ Kh8 24. Rf7 Ng6 25. Qc2 Nf4 26. Bxf4 exf4 27. Qc3 Qe5 28. Rf8+ Kh7 29. Bg8+ Kg6 30. Qxe5 Rxe5 31. Rxd8 Bxg4 32. b4 1/2-1/2

[Event "Loire-ch Top20 1314"]
[Site "Loire"]
[Date "2014.01.18"]
[Round "5"]
[White "Rasle, Corentin"]
[Black "Walter, Alain"]
[Result "1-0"]
[WhiteElo "1770"]
[BlackElo "1690"]
[PlyCount "113"]
[EventDate "2014.09.21"]
[EventType "swiss"]
[EventRounds "9"]
[EventCountry "FRA"]
[SourceTitle "EXT 2015"]
[Source "ChessBase"]
[SourceDate "2014.11.20"]
[SourceVersion "1"]
[SourceVersionDate "2014.11.20"]
[SourceQuality "1"]

1. f4 d5 2. e3 Nf6 3. Nf3 Bg4 4. h3 Bxf3 5. Qxf3 e6 6. b3 c5 7. Bb2 Nc6 8. Bd3 Rb8 9. g4 d4 10. g5 Nd5 11. Be4 Nde7 12. c3 e5 13. f5 Qd7 14. Rf1 f6 15. Qh5+ Kd8 16. h4 Nd5 17. Qf3 Nc7 18. Na3 Be7 19. Nc4 Nb5 20. Bd5 Nd6 21. Nxd6 Bxd6 22. Bxc6 bxc6 23. cxd4 cxd4 24. exd4 exd4 25. Bxd4 Re8+ 26. Kd1 Be5 27. Bxe5 Rxe5 28. Rc1 c5 29. Rc3 Rd5 30. Rf2 Rb4 31. Rc4 Rxc4 32. bxc4 Qa4+ 33. Qb3 Qxb3+ 34. axb3 Rd3 35. Kc2 Rh3 36. gxf6 gxf6 37. Rf4 h5 38. d4 Rh2+ 39. Kc1 Rh1+ 40. Kb2 Rh2+ 41. Ka3 cxd4 42. Rxd4+ Kc7 43. Rf4 Rg2 44. Re4 Rf2 45. Re7+ Kb6 46. Re6+ Kc5 47. Rxf6 Kd4 48. Kb4 Ke5 49. Rf7 Rf4 50. Rxa7 Rxh4 51. Kb5 Kxf5 52. c5 Rh1 53. c6 Re1 54. b4 h4 55. Rh7 Kg4 56. c7 Re5+ 57. Kb6 1-0

[Event "Loire-ch Top20 1314"]
[Site "Loire"]
[Date "2013.12.07"]
[Round "4"]
[White "Walter, Alain"]
[Black "Doran, Niall"]
[Result "0-1"]
[WhiteElo "1690"]
[BlackElo "1702"]
[PlyCount "46"]
[EventDate "2014.09.21"]
[EventType "swiss"]
[EventRounds "9"]
[EventCountry "FRA"]
[SourceTitle "EXT 2015"]
[Source "ChessBase"]
[SourceDate "2014.11.20"]
[SourceVersion "1"]
[SourceVersionDate "2014.11.20"]
[SourceQuality "1"]

1. e4 c5 2. Nf3 Nc6 3. c3 Nf6 4. e5 Nd5 5. d4 cxd4 6. cxd4 e6 7. Nc3 Bb4 8. Bd2 Nxc3 9. Bxc3 0-0 10. Qd2 Qa5 11. Bd3 f6 12. 0-0 Bxc3 13. Qxc3 Qxc3 14. bxc3 fxe5 15. Nxe5 Nxe5 16. dxe5 b6 17. Bb5 a6 18. Ba4 b5 19. Bb3 Bb7 20. Rad1 Rf7 21. Rd4 Rc8 22. Rfd1 Rxc3 23. Bxe6 dxe6 0-1

[Event "Loire-ch Top20 1314"]
[Site "Loire"]
[Date "2013.11.09"]
[Round "3"]
[White "Furnon, Yannick"]
[Black "Walter, Alain"]
[Result "1-0"]
[WhiteElo "1870"]
[BlackElo "1690"]
[PlyCount "63"]
[EventDate "2014.09.21"]
[EventType "swiss"]
[EventRounds "9"]
[EventCountry "FRA"]
[SourceTitle "EXT 2015"]
[Source "ChessBase"]
[SourceDate "2014.11.20"]
[SourceVersion "1"]
[SourceVersionDate "2014.11.20"]
[SourceQuality "1"]

1. d4 Nf6 2. c4 c5 3. d5 b5 4. Nf3 d6 5. Nbd2 g6 6. e4 Bg7 7. cxb5 Qa5 8. Bd3 a6 9. Qe2 0-0 10. 0-0 Bb7 11. Nc4 Qc7 12. b6 Qd8 13. Bd2 Nbd7 14. a4 Nxb6 15. Ba5 Nfd7 16. Nfd2 Qc7 17. Nxb6 Nxb6 18. Nc4 Rab8 19. Bxb6 Qd7 20. Ba5 e6 21. Ne3 Ba8 22. Bc3 Bd4 23. Bc4 e5 24. Bxa6 f5 25. Bb5 Qg7 26. f3 Bb7 27. Bxd4 exd4 28. Nc4 Qe7 29. Rae1 fxe4 30. Qxe4 Qxe4 31. fxe4 Rxf1+ 32. Rxf1 1-0

[Event "Loire-ch Top20 1213"]
[Site "Loire"]
[Date "2012.12.15"]
[Round "4"]
[White "Bruel, Bruno"]
[Black "Walter, Alain"]
[Result "1/2-1/2"]
[WhiteElo "1780"]
[BlackElo "1770"]
[PlyCount "43"]
[EventDate "2012.10.06"]
[EventType "swiss"]
[EventRounds "8"]
[EventCountry "FRA"]
[SourceTitle "EXT 2014"]
[Source "ChessBase"]
[SourceDate "2013.11.20"]
[SourceVersion "1"]
[SourceVersionDate "2013.11.20"]
[SourceQuality "1"]

1. d4 d5 2. c4 e6 3. Nc3 Nf6 4. Nf3 Be7 5. Bf4 0-0 6. e3 c5 7. Bd3 Nc6 8. 0-0 dxc4 9. Bxc4 cxd4 10. exd4 a6 11. Rc1 b5 12. Be2 Bb7 13. h3 Nb4 14. Bh2 Nbd5 15. Ne5 Rc8 16. Bf3 Nxc3 17. bxc3 Bxf3 18. Qxf3 Qb6 19. Rfd1 Rfd8 20. g4 h6 21. Bg3 Bd6 22. h4 1/2-1/2

[Event "Loire-ch Top20 1112"]
[Site "Loire"]
[Date "2011.11.05"]
[Round "2.8"]
[White "Walter, Alain"]
[Black "Vier, Serge"]
[Result "1/2-1/2"]
[WhiteElo "1810"]
[BlackElo "1720"]
[PlyCount "84"]
[EventDate "2011.10.08"]
[EventType "tourn"]
[EventRounds "7"]
[EventCountry "FRA"]
[SourceTitle "EXT 2014"]
[Source "ChessBase"]
[SourceDate "2013.11.20"]
[SourceVersion "1"]
[SourceVersionDate "2013.11.20"]
[SourceQuality "1"]

1. d4 d5 2. Nf3 Nf6 3. e3 Bg4 4. c4 e6 5. Nc3 Nbd7 6. Be2 Be7 7. 0-0 0-0 8. Bd2 c6 9. cxd5 exd5 10. Rc1 Re8 11. h3 Bh5 12. g4 Bg6 13. Nh4 Ne4 14. Nxg6 hxg6 15. Kg2 Bh4 16. Nxe4 Rxe4 17. Bd3 Re8 18. Qc2 Nf6 19. Be1 Qd6 20. f3 Bxe1 21. Rcxe1 Re6 22. Qf2 Rae8 23. Re2 b6 24. Rfe1 Qb4 25. e4 dxe4 26. fxe4 Qd6 27. Bc4 Rxe4 28. Rxe4 Rxe4 29. Rxe4 Nxe4 30. Qxf7+ Kh8 31. Qf3 Nd2 32. Qd3 Nxc4 33. Qxc4 Qf4 34. Qd3 Qd6 35. Qe4 Kg8 36. Kf3 Qf6+ 37. Ke3 Qd6 38. Qe8+ Kh7 39. Qe5 Qb4 40. Qc7 Qe1+ 41. Kd3 Qd1+ 42. Ke3 Qe1+ 1/2-1/2

[Event "Loire-ch Top20 1112"]
[Site "Loire"]
[Date "2011.10.08"]
[Round "1.2"]
[White "Tchalimian, Pascal"]
[Black "Walter, Alain"]
[Result "1-0"]
[WhiteElo "2059"]
[BlackElo "1810"]
[PlyCount "113"]
[EventDate "2011.10.08"]
[EventType "tourn"]
[EventRounds "7"]
[EventCountry "FRA"]
[SourceTitle "EXT 2014"]
[Source "ChessBase"]
[SourceDate "2013.11.20"]
[SourceVersion "1"]
[SourceVersionDate "2013.11.20"]
[SourceQuality "1"]

1. e4 c6 2. d4 d5 3. f3 dxe4 4. fxe4 Nf6 5. Nc3 Bg4 6. Nf3 e6 7. Be3 Bb4 8. Bd3 Nbd7 9. 0-0 0-0 10. Qd2 c5 11. a3 cxd4 12. Nxd4 Bc5 13. Na4 Be7 14. Nf3 Qc7 15. c4 Nc5 16. Nxc5 Bxc5 17. b4 Bxe3+ 18. Qxe3 Rfd8 19. e5 Nd7 20. Rae1 Bxf3 21. Rxf3 Nf8 22. c5 Rd7 23. Bb5 Re7 24. Qg5 Ng6 25. Rg3 Qd8 26. Rd3 Rd7 27. Qxd8+ Rdxd8 28. g3 Kf8 29. Rd6 Ke7 30. Bd3 Nf8 31. Be4 Rab8 32. Red1 Nd7 33. Kf2 Nxe5 34. Rxd8 Rxd8 35. Rxd8 Kxd8 36. Bxb7 Kc7 37. Ba6 Ng4+ 38. Kg1 Ne3 39. Bd3 h6 40. h3 Nd5 41. Kf2 f6 42. Bc4 Kc6 43. Ke2 Nc7 44. Kd3 e5 45. Ke4 a6 46. Kf5 Nb5 47. a4 Nc3 48. Bxa6 Nxa4 49. Kg6 Nc3 50. Kxg7 Nb5 51. Bc8 e4 52. Kxh6 Nd4 53. Bg4 f5 54. Bd1 Kb5 55. Kg6 Kxb4 56. c6 Nxc6 57. Kxf5 1-0

[Event "Loire-ch Top20 0910"]
[Site "Loire"]
[Date "2010.01.16"]
[Round "4"]
[White "Walter, Alain"]
[Black "Jan, Christophe"]
[Result "0-1"]
[WhiteElo "1810"]
[BlackElo "1780"]
[PlyCount "86"]
[EventDate "2009.12.??"]
[EventType "tourn"]
[EventRounds "7"]
[EventCountry "FRA"]
[SourceTitle "EXT 2011"]
[Source "ChessBase"]
[SourceDate "2010.11.26"]
[SourceVersion "1"]
[SourceVersionDate "2010.11.26"]
[SourceQuality "1"]

1. e4 c6 2. d4 d5 3. e5 Bf5 4. Bd3 Bxd3 5. Qxd3 e6 6. Nf3 Nd7 7. 0-0 Ne7 8. Bg5 Qb6 9. Nc3 Ng6 10. a4 c5 11. Nb5 a6 12. Nc3 cxd4 13. Ne2 Ngxe5 14. Nxe5 Nxe5 15. Qxd4 Qxd4 16. Nxd4 Be7 17. Bxe7 Kxe7 18. Rfe1 Kd6 19. f4 Nc4 20. b3 Na5 21. Rad1 Kc5 22. c3 Nc6 23. Nc2 b5 24. b4+ Kd6 25. a5 Rhe8 26. Na1 Nd8 27. Nb3 Nb7 28. Nd4 Rac8 29. Rd3 Re7 30. Rde3 g6 31. g4 Rce8 32. Nf3 f6 33. h4 Nd8 34. g5 f5 35. Ne5 Nc6 36. Nd3 e5 37. fxe5+ Nxe5 38. Rd1 Nxd3 39. Rexd3 Re1+ 40. Rxe1 Rxe1+ 41. Kg2 Re4 42. Rd4 Ke5 43. Rxe4+ Kxe4 0-1

[Event "Loire-ch Top20 0910"]
[Site "Loire"]
[Date "2009.12.19"]
[Round "3"]
[White "Carrot, Patrick"]
[Black "Walter, Alain"]
[Result "1-0"]
[WhiteElo "1835"]
[BlackElo "1820"]
[PlyCount "84"]
[EventDate "2009.12.??"]
[EventType "tourn"]
[EventRounds "7"]
[EventCountry "FRA"]
[SourceTitle "EXT 2011"]
[Source "ChessBase"]
[SourceDate "2010.11.26"]
[SourceVersion "1"]
[SourceVersionDate "2010.11.26"]
[SourceQuality "1"]

1. e4 e5 2. Nf3 Nc6 3. Bb5 Nge7 4. c3 g6 5. d4 Bg7 6. d5 Nb8 7. c4 0-0 8. 0-0 d6 9. h3 f5 10. Nc3 f4 11. b4 Nd7 12. Ba3 a5 13. Rb1 axb4 14. Bxb4 b6 15. Ng5 Nf6 16. Ne6 Bxe6 17. dxe6 Qc8 18. Nd5 Nfxd5 19. cxd5 Rxa2 20. Rc1 Qb7 21. Qb3 Ra7 22. f3 Bf6 23. Rc4 Nc8 24. Rfc1 Bd8 25. Qc2 Ne7 26. Be1 g5 27. h4 h6 28. hxg5 hxg5 29. g3 fxg3 30. Qg2 Rf6 31. Bxg3 Ng6 32. R4c3 Kg7 33. Kf2 g4 34. R1c2 Nf4 35. Bxf4 Rxf4 36. Ke2 Bg5 37. fxg4 c5 38. dxc6 Qa8 39. Bd3 Qe8 40. c7 Ra8 41. c8Q Rxc8 42. Rxc8 Qxe6 1-0

[Event "Loire-ch Top20 0809"]
[Site "Loire"]
[Date "2008.12.20"]
[Round "3"]
[White "Massard, Christian"]
[Black "Walter, Alain"]
[Result "1/2-1/2"]
[WhiteElo "1810"]
[BlackElo "1760"]
[PlyCount "84"]
[EventDate "2008.10.11"]
[EventType "swiss"]
[EventRounds "7"]
[EventCountry "FRA"]
[SourceTitle "EXT 2010"]
[Source "ChessBase"]
[SourceDate "2010.11.25"]
[SourceVersion "1"]
[SourceVersionDate "2010.11.25"]
[SourceQuality "1"]

1. Nf3 d5 2. e3 Nf6 3. b3 e6 4. Bb2 Be7 5. Be2 0-0 6. 0-0 c5 7. c4 Nc6 8. d3 d4 9. Nbd2 e5 10. e4 Ne8 11. Ne1 f5 12. exf5 Bxf5 13. Bg4 Nd6 14. Bxf5 Nxf5 15. Ne4 Qc7 16. Nf3 Nd8 17. Re1 Nf7 18. Ba3 b6 19. Bc1 N5d6 20. Nfd2 Nxe4 21. Nxe4 Nd6 22. Qg4 Nxe4 23. Rxe4 Rf7 24. Bd2 Raf8 25. f3 Bf6 26. Rae1 g6 27. Bh6 Re8 28. h4 Bg7 29. Bd2 Rf5 30. Rf1 Ref8 31. Qh3 Qf7 32. Rg4 Re8 33. Re4 Rf8 34. Rfe1 Re8 35. R1e2 Qf8 36. Qg3 Bh6 37. Bxh6 Qxh6 38. Rxe5 Rfxe5 39. Rxe5 Rxe5 40. Qxe5 Qxh4 41. Qb8+ Kg7 42. Qxa7+ Kh6 1/2-1/2

[Event "Loire-ch Top14 0708"]
[Site "Loire"]
[Date "2008.02.16"]
[Round "5"]
[White "Garon, Pierre"]
[Black "Walter, Alain"]
[Result "1-0"]
[WhiteElo "1936"]
[BlackElo "1750"]
[PlyCount "87"]
[EventDate "2007.10.20"]
[EventType "swiss"]
[EventRounds "7"]
[EventCountry "FRA"]
[SourceTitle "EXT 2010"]
[Source "ChessBase"]
[SourceDate "2010.11.25"]
[SourceVersion "1"]
[SourceVersionDate "2010.11.25"]
[SourceQuality "1"]

1. d4 d5 2. Bf4 Nf6 3. Nf3 e6 4. e3 Bd6 5. Ne5 0-0 6. Nd2 c5 7. c3 a6 8. Bd3 Nc6 9. Bg3 cxd4 10. exd4 Be7 11. f4 Bd7 12. 0-0 Rc8 13. Qc2 Na7 14. a3 Bb5 15. f5 Bxd3 16. Qxd3 Nb5 17. fxe6 fxe6 18. Bh4 Nd6 19. Qh3 Nf5 20. Bg5 Nd7 21. Bxe7 Qxe7 22. Rae1 Nxe5 23. Rxe5 Qd7 24. Rfe1 Rf6 25. Nf3 Rh6 26. Qg4 Rg6 27. Qf4 Rf8 28. Qd2 Nd6 29. Qe2 Ne4 30. Rxe4 dxe4 31. Ne5 Qe8 32. Nxg6 Qxg6 33. Qxe4 Qxe4 34. Rxe4 Rf6 35. Re5 Kf8 36. Rc5 Rf7 37. Rc8+ Ke7 38. Rc7+ Ke8 39. Rxf7 Kxf7 40. Kf2 Ke7 41. Ke3 Kd6 42. Ke4 b6 43. c4 a5 44. b4 1-0

[Event "Loire-ch Top14 0708"]
[Site "Loire"]
[Date "2008.01.12"]
[Round "4"]
[White "Walter, Alain"]
[Black "Vier, Serge"]
[Result "1-0"]
[WhiteElo "1750"]
[BlackElo "1670"]
[PlyCount "39"]
[EventDate "2007.10.20"]
[EventType "swiss"]
[EventRounds "7"]
[EventCountry "FRA"]
[SourceTitle "EXT 2010"]
[Source "ChessBase"]
[SourceDate "2010.11.25"]
[SourceVersion "1"]
[SourceVersionDate "2010.11.25"]
[SourceQuality "1"]

1. e4 e6 2. Bb5 c6 3. Ba4 d5 4. exd5 exd5 5. d4 Nf6 6. Nf3 Be7 7. 0-0 0-0 8. c3 Bg4 9. Qd3 Nbd7 10. Nbd2 Bh5 11. Ne5 Qa5 12. Bb3 Nxe5 13. dxe5 Nd7 14. f4 Nc5 15. Qg3 Nxb3 16. Nxb3 Qd8 17. Nd4 c5 18. Nf5 Bg6 19. Nxe7+ Qxe7 20. f5 1-0

[Event "Loire-ch Top20 0304"]
[Site "Loire"]
[Date "2003.09.27"]
[Round "1"]
[White "Petit, Didier"]
[Black "Walter, Alain"]
[Result "1-0"]
[WhiteElo "2000"]
[BlackElo "1760"]
[PlyCount "63"]
[EventDate "2003.09.27"]
[EventType "swiss"]
[EventRounds "9"]
[EventCountry "FRA"]
[SourceTitle "EXT 2008"]
[Source "ChessBase"]
[SourceDate "2007.11.25"]
[SourceVersion "1"]
[SourceVersionDate "2007.11.25"]
[SourceQuality "1"]

1. d4 d5 2. Nf3 Nf6 3. Nc3 e6 4. a3 c5 5. e3 a6 6. Be2 Nc6 7. 0-0 cxd4 8. exd4 Be7 9. Bg5 0-0 10. Bd3 h6 11. Bh4 Bd7 12. Re1 Rc8 13. Ne2 b5 14. Ne5 g5 15. Bg3 Nh5 16. c3 Nxg3 17. Nxg3 Be8 18. Qe2 Nxe5 19. dxe5 Rc6 20. Rad1 f5 21. exf6 Bxf6 22. Nh5 Bh8 23. Bb1 Qd7 24. Ng3 Qf7 25. Nf1 Bf6 26. Ne3 h5 27. Ba2 Bd7 28. Nxd5 Bc8 29. Nb4 Rb6 30. Qe3 Bd8 31. Rxd8 Rxd8 32. Qxg5+ 1-0

[Event "Loire-ch op"]
[Site "Loire"]
[Date "2002.05.27"]
[Round "6"]
[White "Walter, Alain"]
[Black "Pareux, Marc"]
[Result "1/2-1/2"]
[WhiteElo "1730"]
[BlackElo "1580"]
[PlyCount "57"]
[EventDate "2001.02.??"]
[EventType "swiss"]
[EventRounds "9"]
[EventCountry "FRA"]
[SourceTitle "EXT 2008"]
[Source "ChessBase"]
[SourceDate "2007.11.25"]
[SourceVersion "1"]
[SourceVersionDate "2007.11.25"]
[SourceQuality "1"]

1. e4 g6 2. d4 Bg7 3. Nf3 c6 4. Nc3 d5 5. e5 Nh6 6. Bd3 Nf5 7. 0-0 Qb6 8. Ne2 Na6 9. c3 c5 10. Ng3 Nxg3 11. fxg3 cxd4 12. cxd4 Nb4 13. Bb1 Nc6 14. Kh1 Bg4 15. h3 Bxf3 16. Qxf3 0-0-0 17. Qg4+ e6 18. Rxf7 Nxd4 19. Rxg7 Rdf8 20. Be3 Rf1+ 21. Kh2 Qxb2 22. Bxd4 Qc1 23. Qxe6+ Kb8 24. Rg8+ Rxg8 25. Qxg8+ Kc7 26. Qxh7+ Kb8 27. Qg8+ Kc7 28. Bg1 Rxg1 29. Qf7+ 1/2-1/2

[Event "Loire-ch op"]
[Site "Loire"]
[Date "2002.05.25"]
[Round "8"]
[White "Walter, Alain"]
[Black "Bournez, Gerard"]
[Result "1-0"]
[WhiteElo "1740"]
[BlackElo "1540"]
[PlyCount "81"]
[EventDate "2001.02.??"]
[EventType "swiss"]
[EventRounds "9"]
[EventCountry "FRA"]
[SourceTitle "EXT 2008"]
[Source "ChessBase"]
[SourceDate "2007.11.25"]
[SourceVersion "1"]
[SourceVersionDate "2007.11.25"]
[SourceQuality "1"]

1. e4 c5 2. Nc3 Nc6 3. g3 e5 4. Bg2 d6 5. d3 Nf6 6. h3 h6 7. f4 Nd4 8. Nf3 a6 9. 0-0 b5 10. fxe5 Nxf3+ 11. Qxf3 dxe5 12. Nd5 Be7 13. Be3 0-0 14. Nxf6+ Bxf6 15. Bxh6 Be6 16. Be3 Rc8 17. h4 Qd7 18. Qf2 c4 19. Rad1 Qc7 20. d4 exd4 21. Bxd4 Bxd4 22. Rxd4 Qc5 23. c3 Rfd8 24. Rxd8+ Kh7 25. Rxc8 Qxf2+ 26. Rxf2 Bxc8 27. Rxf7 a5 28. Rc7 Bg4 29. e5 Kg8 30. Kf2 Kf8 31. Bd5 Bh5 32. Ke3 Be8 33. Kf4 g6 34. Kg5 b4 35. Be4 bxc3 36. bxc3 a4 37. a3 Kg8 38. Rc8 Kf7 39. Bxg6+ Kf8 40. h5 Kg7 41. h6+ 1-0